| 000 | 00816nam a2200229 i 4500 | ||
|---|---|---|---|
| 001 | 185123 | ||
| 003 | ES-MaACL | ||
| 005 | 20251009144828.0 | ||
| 008 | 160323s1867 fr b |||| | fre d | ||
| 080 | _a840.09:016 | ||
| 245 | 0 | 0 |
_aCatalogue raisonné de la Bibliothèque Elzevirienne : _b1853-1867 / _c[par Anatole de Montaiglon]. |
| 260 |
_aParis : _bA. Franck, _c1867. |
||
| 300 |
_a140 p. ; _c17 cm. |
||
| 490 | 1 | _aBibliothèque Elzevirienne | |
| 530 | _aDisponible en formato digital. | ||
| 650 | 4 |
_aLiteratura francesa- _vBibliografías. _9159201 |
|
| 700 | 1 |
_aMontaiglon, Anatole de, _d1824-1895 _9130075 |
|
| 830 | 1 |
_aBibliothèque Elzevirienne _9180979 |
|
| 852 |
_aES-MaACL _jG-2416 |
||
| 856 |
_uhttps://archive.org/details/catalogueraison00montgoog _zInternet Archive |
||
| 999 |
_c185123 _d185123 |
||